Little Alchemy Elements - Statistics

General Stats
  • This quiz has been taken 75 times
    74 since last reset
  • The average score is 12 of 50
Answer Stats
Recipes Elements % Correct
Appeared Water
96%
Appeared Fire
94%
Appeared Earth
91%
Appeared Air
89%
Water + Fire Steam
76%
Water + Earth Mud
59%
Fire + Earth Lava
57%
Water + Water Sea
50%
Cloud + Water Rain
41%
Steam + Air Cloud
39%
Air + Fire Energy
39%
Energy + Earth Earthquake
35%
Air + Air/Earth + Earth Pressure
31%
Life + Earth Human
28%
Rain + Earth Plant
28%
Life + Air Bird
24%
Swamp + Energy Life
22%
Lava + Water Obsidian
20%
Lava + Air Stone
20%
Mud + Plant/Mud + Grass Swamp
20%
Earth + Air Dust
17%
Wall + Wall House
17%
Metal + Life Robot
17%
Air + Cloud Sky
17%
Brick + Brick Wall
17%
Metal + Bird Airplane
15%
Human + Plant Farmer
13%
Human + Human Love
13%
Air + Pressure/Air + Energy Wind
13%
Steam + Earth Geyser
11%
Stone + Fire Metal
11%
Earthquake + Earth Mountain
11%
Mud + Fire Brick
9%
Human + Fire Fireman
9%
Plant + Plant Garden
9%
Rain + Sun Rainbow
9%
Fire + Sky Sun
9%
Air + Pressure Atmosphere
7%
Farmer + Cow/Human + Cow Milk
7%
Bird + Earth Ostrich
7%
Metal + Human Tool
7%
Livestock + Grass Cow
6%
Human + House Family
6%
Farmer + Earth Field
6%
Garden + Plant Flower
6%
Life + Farmer Livestock
6%
Cow + Human Minotaur
6%
Human + Rain Cold
2%
Stone + Air Sand
2%
Human + Rain/Human + ________ Sickness
2%
No matching quizzes found
Score Distribution
Percent of People with Each Score
Percentile by Number Answered
Your Score History
You have not taken this quiz since the last reset